| 000 | 00566nam a2200229Ia 4500 | ||
|---|---|---|---|
| 008 | 160803s9999 xx 000 0 und d | ||
| 020 | _a0 439390176 | ||
| 100 | _aMoss, Miriam | ||
| 245 | _aWibble wobble / | ||
| 245 | _cby Miriam Moss ; illustrated by Joanna Mockler. | ||
| 260 | _aNew York : | ||
| 260 | _bScholastic Inc. | ||
| 260 | _c2001 | ||
| 300 | _a1 volume (unpaged) : | ||
| 300 | _bcolor illustrations ; | ||
| 300 | _c29 cm | ||
| 650 | _aSchools -- | ||
| 650 | _aTeeth -- | ||
| 650 | _xFiction. | ||
| 650 | _xFiction. | ||
| 700 | _a250 | ||
| 999 |
_c299022 _d299022 |
||